1918 1518 1576 1357 1147 1372 1253 1810 1665 1319 1963 1054 1652 1050 1290 1045 1008 1885 1011 1100 1052 1019 1223 1441 1280 1000 1922 1986 1277 1610 1229 1777 1219 1823 1903 1388 1395 1260 1236 1506 1462 1761 1561 1958 1782 1406 1223 1248 1844 1672 1994 1702 1468 1006 1663 1222 1019 1509 1729 1418 1033 1521 1007 1699 1841 1599 1431 1222 1262 1604 1742 1050 1809 1341 1025 1047 1584 1316 1338 1443 1385 1012 1342 1715 1464 1530 1145 1967 1140 1490 1067 1225 1105 1242 1556 1622 1728 1757 1870 BCNSPRNW ULIB Ver.6.0+V

เปลี่ยนเป็นภาษาไทย

Change to English
 แสดงรายละเอียดบรรณานุกรม
  กลับหน้าหลัก

Brief Record : Get Marc (ISO 2709) : E-mail record : QR code < ปิดหน้าต่าง
LEADER : 00000nam 2200000uu 4500
001    13399111048
003     ULIB
008    110615s||||||||th 000 0 tha d
020    9746436325 (ล.1)
050  4 BF637.C6^bส719จ ล.1 2545
245 00 ทฤษฎีและแนวปฏิบัติในการให้การปรึกษา หน่วยที่ 1-8=^bTheory and Practice in Counseling /^cสาขาวิชาศึกษาศาสตร์ มหาวิทยาลัยสุโขทัยธรรมาธิราช
246 31 Theory and Practice in Counseling
250    พิมพ์ครั้งที่ 1
260    นนทบุรี :^bสำนักพิมพ์ มสธ.,^c2545
300    2 เล่ม
500    เอกสารการสอนชุดวิชาทฤษฎีและแนวปฏิบัติในการให้การปรึกษา
650  7 จิตวิทยา
710 2  มหาวิทยาลัยสุโขทัยธรรมาธิราช. ^bสาขาวิชาศึกษาศาสตร์
945    ^p0^l0^i018918
995    ทศพร
999 ^a ใช้งานได้ทุกระบบ
รายการนี้ยังไม่มีแท็ก
คุณยังไม่ได้ล็อกอิน คุณสามารถมีกิจกรรมร่วมกับเว็บไซต์ได้ แต่ต้องล็อกอินก่อน ::
  ล็อกอิน

รายการสื่อสารสนเทศ

ลำดับที่ ประเภท เลขเรียก/บาร์โค้ด สถานที่ สถานะ
- ไม่พบข้อมูล -

รายการใกล้เคียง
    หัวเรื่อง [จิตวิทยา]

BibComment


ยังไม่เคยถูกคอมเมนท์

คอมเมนท์ทรัพยากรรายการนี้
  คอมเมนท์: ทฤษฎีและแนวปฏิบัต..


 Copyright 2026. Bcnsprnw @Library